La mythologie grecque - Les noms en S - Statistiques

Statistiques générales
  • Ce quiz a été pris 237 fois
  • Le résultat moyen est 6 sur 19
Statistiques - réponses
Indice Réponse % Correct
Déesse de la Lune Séléné
87%
Divinité du plus célèbre fleuve des Enfers Styx
81%
Condamné à pousser un rocher vers le haut d'une montagne à perpétruité Sisyphe
80%
Monstre associé à Charybde Scylla
79%
Monstre terrassé par Oedipe Sphinx
76%
Mère de Dionysos Sémélé
48%
L'une des Gorgones Sthéno
32%
Guerrier grec contre Troie, réputé pour sa voix puissante Stentor
28%
Roi des Lyciens et frère de minos Sarpédon
27%
Compagnon et précepteur de Dionysos, possédant des oreilles et une queue de cheval Silène
18%
Mère des Sirènes Stéropé
9%
Hamadryade métamorphosée en roseau afin d'échapper aux avances de Pan Syrinx
7%
Roi puni pour avoir tenté d'imiter Zeus Salmonée
3%
Dieu-fleuve appelé Xanthe par les dieux Scamandre
3%
Première femme d'Orion, jetée aux Enfers par Héra Sidé
2%
Fils de Persée et d'Andromède Sthénélos
2%
Brigand de l'Attique, précipité d'une falaise par Thésée Scion
1%
Survivant du camp des Troyens, lapidé par des femmes furieuses Scylax
1%
Guerrier grec ami d'Ulysse, ayant aidé à la défaite de Troie Sinon
1%
Aucun quiz correspondant
Distribution des résultats
% des personnes avec chaque résultat
Percentile par nombre de réponses
Votre historique - résultats
Vous n’avez pas pris ce quiz